000 00832nam a22001817a 4500
005 20250829085921.0
008 240902b ||||| |||| 00| 0 eng d
082 _aDPer 372.05 El262 September-December 2019 v. 120 n. 1-2
100 _aHirsch, Shanna E.
_eauthor.
_959671
245 _aProfessional development in practice :
_bImproving novice teachers' use of universal classroom management /
_cShanna E. Hirsch, John Wills Lloyd, and Micheal J. Kennedy.
260 _aGoldenrey ;
_bDirect Marketing Inc. ,
_cSeptember 2019.
300 _avolume 120, pages 61-87 :
_billustration ;
_c26 cm.
500 _aThe elementary school journal, vol. 120, no. 1, pages 61-87, September 2019.
700 _aHirsch, Shanna E.
_959671
700 _aLloyd, John Wills.
_959672
700 _aKennedy, Micheal J.
_959673
942 _2ddc
_cPER
999 _c21141
_d21141